=LDR 00000nam 2200000 4500 =001 INLIS000000000001805 =005 20130612090207 =008 ***********************************Ind** =035 ##$$0010-061300000001805 =041 ##$$a Ind =082 ##$$a 707 =090 ##$$a 707, Sut k =100 ##$$a Sutarno =245 ##$$a Kerajinan tangan dan kesenian, untukkelas 2 SLTP, Soetarno Ap.BA, Pujo Cahyono, SH, Surasdi =250 ##$$a Cahyono, Pujo; Surasdi =260 ##$$a 1995 $b Solo =300 ##$$a 144 hlm, Ilus, 21 cm =650 ##$$a Kerajinan tangan =850 ##$$a NBPNMAT